Influence of vegetation on surface temperature in urban areas

Bibliographic Details
Main Authors: Keresztesová, Soňa (Author), Rózová, Zdenka, 1960- (Author)
Format: Article
Language:Slovak

MARC

LEADER 00000nab a2200000uu 4500
001 vtls011541085
003 SK-MaSNL
005 20260303140457.0
008 230218|2013 xo |||||||||||||||||slo|
015 |a SNBRB 
035 |a (urnnbn)urn:nbn:sk:snk:ar-a09t56 
035 |a (uuid)73881747-5e76-40bd-a5b8-6c63d5fb2840 
035 |a urn:nbn:sk:snk-abez65 
040 |a SNKBUCL  |b slo  |c SNKBUCL  |e AACR2 
041 0 |a slo 
044 |a xo  |c SK 
100 1 |a Keresztesová, Soňa  |4 aut  |9 412052 
245 1 0 |a Influence of vegetation on surface temperature in urban areas  |c Soňa Keresztesová, Zdenka Rózová 
700 1 |a Rózová, Zdenka,  |d 1960-  |4 aut  |9 217990 
773 0 |t Folia oecologica  |g Roč. 40, č. 1 (2013), s. 50-54 
954 |a odborná, vedecká literatúra pôvodná (slovenská)  |2 lita 
958 |a OND 
958 |a EUIPO 
958 |a article22 
999 |c 1972039  |d 1973969